| 000 | 00751nas a2200253 4500 | ||
|---|---|---|---|
| 001 | BR2011006418 | ||
| 003 | BR-BrBNA | ||
| 005 | 20231205115206.0 | ||
| 007 | ta | ||
| 008 | 230509b bl.|||p| |||| 00| 00por d | ||
| 040 |
_aBR-BrBNA _bpor _cBiblioteca Nacional de Agricultura |
||
| 041 | _a(Pt) | ||
| 072 | _aF30 | ||
| 100 | 1 | _aCassassola, A. | |
| 100 | 1 | _aBrammer, S.P. | |
| 245 | 1 | _aTranslocação cromossômicas entre trigo e centeio: uma alternativa no melhoramento | |
| 650 | _aTRIGO | ||
| 650 | _aCENTEIO | ||
| 650 | _aCROMOSSOMA | ||
| 650 | _aTRANSLOCAÇÃO | ||
| 773 | 0 |
_tCiência Rural (Brazil) _xISSN 0103-8478 _g(Aug 2011), v. 41(8) p. 1307-1314 _wBR2011006418 |
|
| 909 |
_a202311 _bLúcia _c55 _dLúcia Elande |
||
| 942 |
_2AGRIS _n0 _cANA |
||
| 999 |
_c212535 _d212535 |
||